000 01006nas a2200337 4500
001 BR7905944
003 BR-BrBNA
005 20231205083944.0
007 ta
008 230509b bl.|||p| |||| 00| 00por d
040 _aBR-BrBNA
_bpor
_cBiblioteca Nacional de Agricultura
041 _a(Pt)
072 _aF00; F60
100 1 _aGomide, M.B.
100 1 _aHostalacio, S.
100 1 _aOliveira, L.E.M. de
245 1 _aInfluencia de fitorreguladores no teor de nitrogenio em mudas de cafeeiro (coffea arabica L.)c.v. "Mundo Novo" [Brasil]
650 _aProducao vegetal
650 _aNutricao vegetal
650 _aCafe
650 _aRegulador de crescimento
650 _aMuda
650 _aNitrogenio
650 _aViveiro
650 _aAcido giberelico
650 _aCrescimento
650 _aMinas Gerais
773 0 _tCiencia e Pratica (Brazil)
_xISSN 0100-5267
_g(Jul 1979), v. 3(2) p. 184-187
_wBR7905944
909 _a202311
_bLúcia
_c55
_dLúcia Elande
942 _2AGRIS
_n0
_cANA
999 _c102238
_d102238